000 00258nam a22001097a 4500
003 SGT
022 _a2394-272X
245 _aTHE INDIAN JOURNAL OF COMMUNITY HEALTH MANAGEMENT
260 _aINDIA
_bINNOVATIVE PUB.
_c2016
310 _aQUARTERLY
942 _2ddc
_cLJ
999 _c8811
_d8811